000 01839cam a22004814i 4500
003 PE-LiUPU
005 20250731173335.0
008 150706s r 000 0 d
020 _a9780195161496
035 _a(Sirsi) i9780195161496
040 _aPE-LiUPU
_bspa
_cPE-LiUPU
_erda
049 _aPRUA
082 0 4 _a220.5
_bM38
_221
100 1 _aMcKenzie, Steven L.,
_eautor.
245 1 0 _aHow to read the Bible :
_bhistory, prophecy, literature-why modern readers need to know the difference, and what it means for faith today /
_cSteven L. McKenzie.
264 1 _aOxford ; New York :
_bOxford University Press,
_c2005.
300 _a207 páginas ;
_c24 centímetros
336 _atext
_2rdacontent
337 _aunmediated
_2rdamedia
338 _avolume
_2rdacarrier
504 _aIncluye bibliografía.
505 0 _aNot exactly as it happened -- Foretelling, not foretelling -- Life's real questions -- Not the end of the world as we know it -- Issues in the churches.
526 _aSEG42
526 _aSEG41
526 _aSEG40
526 _aSEG39
526 _aP94
526 _aP87
526 _aP86
526 _aP85
526 _aP77
526 _aP76
526 _aP35
541 _g104-3776787-4588217;
630 _aBiblia
_xCrìtica, Interpretación, etc.
630 _aBiblia
_xIntroducciones.
_92045
910 _clch
_d20090803
942 _2ddc
_cBOOK
949 _a220.5 M38
_wDEWEY
_c1
_i59767
_lCCODEBUL1
_mBUL
_p37.00
_r0
_sY
_tBOOK
_u2015-7-6
_xTEOLOGIA
_PP85
_0COMPRA
_o.STAFF. Colección General
994 _aC0
_bPEPRU
596 _a1
999 _a220.5 M38
_wDEWEY
_c49300
_i59767
_f2021-11-9
_g5
_lCCODEBUL1
_mBUL
_p37.00
_r0
_sY
_tBOOK
_u2015-7-6
_xTEOLOGIA
_PP85
_0COMPRA
_o.STAFF. Colección General
_d49300
980 _81
_gALBERTO SANCHEZ Responsable de Automatización